000 01372nam2a2200265 4500
001 rc\2979628
005 20260315062240.0
035 _a(NLR Aleph) 007125120
090 _a13610151
_c13610151
100 _a20110910d1933 u y0rusy50 ca
101 0 _arus
102 _aRU
105 _ay z |||||
200 1 _aПрограмма курса математики для втузов
_e2 сокр. вариант
_fСост. проф. А.С. Бутягин
210 _d[1933]
215 _a13 с., [2] с. "Для заметок"
300 _aБез тит. л. и обл.
300 _aУтверждено высшим учебно-методическим советом ... 1933 г.
461 0 _1001rc\2979627
_12001#$aПрограммы для вузов и втузов ...$e№ 1(а)-$fКом-т по высшей тех. школе при ЦИК СССР$v№ 1(а)
_96902100
_aСССР. Комитет по высшему техническому образованию
_c[Москва]
_d[1933]
_fКом-т по высшей тех. школе при ЦИК СССР
_nГос. техн. теорет. изд-во
_o№ 1(а)-
_tПрограммы для вузов и втузов ...
_v№ 1(а)
702 1 _aБутягин
_bА.С.
_4220
801 0 _aRU
_bNLR
_gpsbo
801 1 _aRU
_bELAR
_2rusmarc
852 _aNLR
_j33-18/557(1)
942 _cUNSPEC
980 _aNB